The Fayoum : an historical exploration /

محفوظ في:

المؤلف الرئيسي: Gazio, Pierre (مؤلف)

مؤلفون آخرون: Ayoub, Christine.

التنسيق: كتاب

اللغة: English

منشور في: Alexandria : Harpocrates publishing, c2007.

الموضوعات:

الوسوم: إضافة وسم

لا توجد وسوم, كن أول من يضع وسما على هذه التسجيلة!

رقم الطلب: DT137 .F2 G39 2007

LEADER 00978namaa2200253 4500
001 24582
003 OSt
005 20220307130411.0
008 130303s2007 eg ab g b 001 0 eng d
952 |0 0  |1 0  |2 lcc  |4 0  |6 DT0137 F2 G39 02007  |7 1  |9 38164  |a ARCE  |b ARCE  |d 2022-03-07  |l 0  |o DT137 .F2 G39 2007  |p 1004892  |r 2022-03-07 00:00:00  |w 2022-03-07  |y BK 
999 |c 22841  |d 22841 
040 |c ARCE Library 
050 4 |a DT137 .F2 G39 2007 
100 1 |a Gazio, Pierre,  |e author  |9 30557 
245 1 4 |a The Fayoum :   |b an historical exploration /   |c Pierre Gazio ; translated by Christine Ayoub. 
264 1 |a Alexandria :   |b Harpocrates publishing,   |c c2007. 
300 |a 96 pages :   |b color illustrations, color maps ;   |c 24 cm. 
504 |a Includes bibliographical references (page 93) and index. 
651 0 |a Fayyūm (Egypt)  |v Guidebooks. 
651 0 |a Fayyūm (Egypt)  |x Description and travel. 
651 0 |a Fayyūm (Egypt)  |x History. 
700 1 |a Ayoub, Christine. 
901 |a reviewed 
942 |c BK  |2 lcc